000 00372 a2200157 4500
001 44228
020 _a851600337X
040 _cAnchieta - Aquarius
100 _aBranco, Samuel Murgel
240 1 0 _aAventuras de uma gota d´agua
_lpor
245 1 0 _aAventuras de uma gota d´agua
300 _a
362 0 _a1990
650 4 _aLiteratura infanto-juvenil
942 _cBK
999 _c44228
_d44228